000 00607nam a2200229Ia 4500
003 OSt
005 20220918225545.0
006 a|||||r|||| 00| 0
007 ta
008 220917b |||||||| |||| 00| 0 eng d
024 _a242,456
037 _cTextual
040 _aARTS
_cARTS
_beng
041 _2eng
_aeng
082 _aY31:6.2, P1
245 0 _aRural transforming in India
_b Role of riral non-farm sector
260 _aNew Delhi
_bPlanning Commission India
_c2001
300 _a80p.
_ccm.
650 _aSOCIOLOGY
942 _hY31:6.2, P1
_cTEXL
_2CC
999 _c285023
_d285023